000 00594nam a2200193Ia 4500
003 GCL
008 140319s9999 xx 000 0 ara d
040 _aGCL /
_cGCL
082 0 4 _aد
_b050
100 1 _aعبدالمحسن صالح
245 1 0 _aالتنبؤ العلمى ومستقبل الانسان (عالم المعرفة 48) /
_cعبدالمحسن صالح
300 _a270 ص
490 _aعالم المعرفة
_v0
650 0 4 _aالانسان
650 0 4 _aالانساب
650 0 4 _aالتنبؤات
650 0 4 _aالتنبؤات التكنولوجية
942 _2ddc
_cBK
999 _c50364
_d50364